000 01199nam2a22002411 4500
001 rc\237411
005 20250621231908.0
010 _a5-85677-079-X
_910000
035 _a(NLR Aleph) 005972971
090 _a6953029
_c6953029
100 _a20030307d1995 |||y0rusy50 ca
101 0 _arus
102 _aRU
105 _aa |||||||||
200 0 _aЧ. 1
210 _d1995
_aБ. м.
215 _a104 с.
_cил.
461 0 _1001rc\8511
_12001#$aЧеловек и окружающая среда$eКн. для дополнит. чтения по прогр. "Экол. развитие"$fЛ.П. Анастасова, Т.В. Кучер, И.В. Николаев$gМоск. учеб. фирма "Рекорд"$vЧ. 1
_1700#1$aАнастасова$bЛ.П.$gЛюдмила Павловна
_96374879
_aАнастасова, Л.П.
_cМ.
_d1995-
_fЛ.П. Анастасова, Т.В. Кучер, И.В. Николаев
_nВалент
_oКн. для дополнит. чтения по прогр. "Экол. развитие"
_tЧеловек и окружающая среда
_y585677079Х
_vЧ. 1
801 0 _aRU
_bNLR
_gpsbo
801 1 _aRU
_bELAR
_2rusmarc
852 _aNLR
_j96-7/14
942 _cBOOK
980 _aNB